000 00457nam a22001817a 4500
003 NUST - PNEC
005 20170116180825.0
008 150702b xxu||||| |||| 00| 0 eng d
020 _a-
040 _cLIBRARY
082 _a512 CHE
100 _94329
_aCheng david
245 _aAnalysis of linear systems
_cDavid Cheng
260 _aLondon
_bAddison wesley publishing
_cc1959.
300 _a431 p. :
650 _94331
_aAnalysis
_xME
942 _2ddc
_cBK
999 _c63863
_d63863